| 000 | 01077nam a2200277 a 4500 | ||
|---|---|---|---|
| 001 | 000027222 | ||
| 003 | DO-SdBNP | ||
| 005 | 20240409073641.0 | ||
| 008 | 110330t1991 dr ac 001 0dspa d | ||
| 040 |
_aDO-SdBNP _bspa _cBNPHU |
||
| 082 | 4 |
_aBNPHU 327.7293073 _bV422e |
|
| 100 | 1 |
_aVega, Bernardo, _d1938 - _93222 |
|
| 245 | 1 | 0 |
_aEisenhower y Trujillo / _cBernardo Vega. |
| 260 |
_aSanto Domingo : _bFundación Cultural Dominicana, _c1991. |
||
| 300 |
_a286 p. : _bil., retrs. ; _c23 cm. |
||
| 500 | _aIncluye índice onómastico. | ||
| 504 | _aBibliografía : p. 265-273. | ||
| 590 | _aInventariado, 2018/BT | ||
| 600 | 1 | 0 |
_aEisenhower, Dwlght, 1890-1969 _d1890-1969 _954288 |
| 600 | 1 | 0 |
_aTrujillo Molina, Rafael Leónidas, _d 1891-1961 _976764 |
| 651 | 1 | 4 |
_aRepública Dominicana _xRelaciones Exteriores _zEstados Unidos _96308 |
| 651 | 1 | 4 |
_aEstados Unidos _xRelaciones Exteriores _zRepública Dominicana _96309 |
| 651 | 1 | 4 |
_aRepública Dominicana _xPolítica y gobierno _yEra de Trujillo, 1930-1961 _91374 |
| 910 | _aValidado. Control de calidad. EMS | ||
| 942 |
_2ddc _cLBS1 |
||
| 999 |
_c26714 _d26714 |
||